Construction materials for civil engineering / (Record no. 145285)

MARC details
000 -LEADER
fixed length control field 00830nam a22002297a 4500
005 - DATE AND TIME OF LATEST TRANSACTION
control field 20180502112140.0
010 ## - LCCN (DPL NO)
LC control number 1718EN-30 B-688421-427
020 ## - INTERNATIONAL STANDARD BOOK NUMBER
International Standard Book Number 9789385998942
Terms of availability 495.00
035 ## - SYSTEM CONTROL NUMBER
System control number B-688421-427
037 ## - SOURCE OF ACQUISITION
Source of stock number/acquisition Scientific
Stock number dpl
037 ## - SOURCE OF ACQUISITION
Source of stock number/acquisition DBAD/PUB
082 ## - DEWEY DECIMAL CLASSIFICATION NUMBER
Classification number 624.18
100 ## - MAIN ENTRY--PERSONAL NAME
Personal name Amsterdam, Errol Van
245 ## - TITLE STATEMENT
Title Construction materials for civil engineering /
Statement of responsibility, etc by Errol Van Amsterdam
250 ## - EDITION STATEMENT
Edition statement 2nd ed
260 ## - PUBLICATION, DISTRIBUTION, ETC. (IMPRINT)
Place of publication, distribution, etc New Delhi
Name of publisher, distributor, etc MEDTECH
Date of publication, distribution, etc 2017
270 ## - ADDRESS
Address 4850/24, Ansari Road, Daryaganj,
City New Delhi
Postal code 110002
300 ## - PHYSICAL DESCRIPTION
Extent xiii,289p.
Dimensions 23cm(pbk)
500 ## - GENERAL NOTE
General note Includes index
942 ## - ADDED ENTRY ELEMENTS (KOHA)
Source of classification or shelving scheme Dewey Decimal Classification
Item type English Books
Call number suffix AMS
Classification part 624.18
Holdings
Withdrawn status Lost status Not for loan Collection code Home library Current library Date acquired Source of acquisition Cost, normal purchase price Full call number Barcode Copy number Cost, replacement price Koha item type
      Non-fiction Ashok Vihar Ashok Vihar 02/05/2018 SI/1816/2017-1804.12.2017/679/20.11.2017/15.1.2018 495.00 624.18 AMS B-688422 1 495.00 English Books
    Not For Loan Non-fiction D.B.Act.Division Bawana 06/12/2017 DBAD/PUB 495.00 624.18 AMS EN-105295 1 495.00 English Books
      Non-fiction Bawana Bawana 02/05/2018 SI/1816/2017-1804.12.2017/679/20.11.2017/15.1.2018 495.00 624.18 AMS B-688427 1 495.00 English Books
      Non-fiction Central Library Central Library 02/05/2018 SI/1816/2017-1804.12.2017/679/20.11.2017/15.1.2018 495.00 624.18 AMS B-688421 1 495.00 English Books
      Non-fiction Janak Puri Janak Puri 02/05/2018 SI/1816/2017-1804.12.2017/679/20.11.2017/15.1.2018 495.00 624.18 AMS B-688424 1 495.00 English Books
      Non-fiction Narela Narela 02/05/2018 SI/1816/2017-1804.12.2017/679/20.11.2017/15.1.2018 495.00 624.18 AMS B-688426 1 495.00 English Books
      Non-fiction Patel Nagar Patel Nagar 02/05/2018 SI/1816/2017-1804.12.2017/679/20.11.2017/15.1.2018 495.00 624.18 AMS B-688423 1 495.00 English Books
      Non-fiction Sarojini Nagar Sarojini Nagar 02/05/2018 SI/1816/2017-1804.12.2017/679/20.11.2017/15.1.2018 495.00 624.18 AMS B-688425 1 495.00 English Books

© Delhi Public Library
Hit Counter
free hit counter